000 00524nam a2200193Ia 4500
005 20250326125838.0
008 250326s9999 xx 000 0 und d
037 _aTextbook
040 _aFMSL
_beng
_cFMSL
041 _aeng
_2eng
084 _aX.44 N7
_qFMSL
100 _aGovernment OF India
245 0 _aIndia pocket book of economic informantion
_cGovernment OF India
250 _a7
260 _aDelhi
_bDelhi, Manager
_c1967
300 _a301p
942 _cTB
_hX.44 N7
999 _c1279837
_d1279837